Markets (Record no. 82045)

MARC details
000 -LEADER
fixed length control field 01096cam a22002055a 4500
001 - CONTROL NUMBER
control field L149096
008 - FIXED-LENGTH DATA ELEMENTS--GENERAL INFORMATION
fixed length control field 100111e2009 xxk 000 0 eng d
035 ## - SYSTEM CONTROL NUMBER
System control number (Sirsi) u149096
041 0# - LANGUAGE CODE
Language code of text/sound track or separate title eng
100 1# - MAIN ENTRY--PERSONAL NAME
Personal name Eade, Christine
245 00 - TITLE STATEMENT
Title Markets
Remainder of title Thames Gateway
260 ## - PUBLICATION, DISTRIBUTION, ETC.
Date of publication, distribution, etc. 2009
490 #0 - SERIES STATEMENT
Series statement Property Week
Volume/sequential designation 75(47) 20 November 2009, 45-50(5)
520 ## - SUMMARY, ETC.
Summary, etc. Over 500 000 sq ft of new development may shortly be given the go-ahead to expand Europe?s largest out-of-town retail destination, Lakeside Shopping Centre in Thurrock and the surrounding retail parks. Presents images of the proposed four phases of Olympics 2012 development ending in a new city post 2025. Private sector developers are being sought to regenerate 98 acres in and around Purfleet. Invest Thames Gateway commissioned report concludes that the absence of bridges across the Thames between Kent and Essex is the greatest shortcoming in the Thames Gateway?s transport system.
590 ## - LOCAL NOTE (RLIN)
Local note KA
651 #4 - SUBJECT ADDED ENTRY--GEOGRAPHIC NAME
Geographic name Essex
651 4# - SUBJECT ADDED ENTRY--GEOGRAPHIC NAME
Geographic name Kent
690 ## - LOCAL SUBJECT ADDED ENTRY--TOPICAL TERM (OCLC, RLIN)
Topical term or geographic name as entry element PROPERTY-COMMERCIAL PROPERTY-COMMERCIAL PROPERTY MARKET
942 ## - ADDED ENTRY ELEMENTS (KOHA)
Suppress in OPAC 0
Holdings
Withdrawn status Lost status Source of classification or shelving scheme Damaged status Not for loan Home library Current library Shelving location Date acquired Total Checkouts Full call number Barcode Date last seen Copy number Price effective from Koha item type
    Dewey Decimal Classification     London London Journal article 11/01/2010   L149096 149096-1001 06/08/2019 1 06/08/2019 Journal article